PHARMACEUTICAL ORGANIC CHEMISTRY - I ( DR. K .G BOTHARA /DR. GABHE (Record no. 268069)

MARC details
000 -LEADER
fixed length control field 00362pam a2200133a 44500
008 - FIXED-LENGTH DATA ELEMENTS--GENERAL INFORMATION
fixed length control field 230405s2022 xxu||||| |||| 00| 0 eng d
041 ## - LANGUAGE CODE
Language code of text/sound track or separate title ENG
100 ## - MAIN ENTRY--PERSONAL NAME
Personal name DR. K .G BOTHARA /DR. GABHE
245 ## - TITLE STATEMENT
Title PHARMACEUTICAL ORGANIC CHEMISTRY - I ( DR. K .G BOTHARA /DR. GABHE
250 ## - EDITION STATEMENT
Edition statement 5
260 ## - PUBLICATION, DISTRIBUTION, ETC.
Place of publication, distribution, etc. PUNE
Name of publisher, distributor, etc. NIRALI PRAKASHAN
Date of publication, distribution, etc. 2022
300 ## - PHYSICAL DESCRIPTION
Extent 5.16
906 ## - LOCAL DATA ELEMENT F, LDF (RLIN)
a 2630
Holdings
Withdrawn status Lost status Damaged status Not for loan Collection Home library Current library Date acquired Source of acquisition Cost, normal purchase price Total Checkouts Barcode Date last seen Date last checked out Price effective from Koha item type
          College of Pharmacy, Kolhapur College of Pharmacy, Kolhapur 14/04/2023 BHARATI MADHYVARTI SAHAKARI GRAHAK BHANDAR LTD 152.00 1 PCK-9963 14/03/2024 13/03/2024 14/04/2023 Book
          College of Pharmacy, Kolhapur College of Pharmacy, Kolhapur 14/04/2023 BHARATI MADHYVARTI SAHAKARI GRAHAK BHANDAR LTD 152.00   PCK-9962 14/04/2023   14/04/2023 Book
          College of Pharmacy, Kolhapur College of Pharmacy, Kolhapur 14/04/2023 BHARATI MADHYVARTI SAHAKARI GRAHAK BHANDAR LTD 152.00   PCK-9961 14/04/2023   14/04/2023 Book
          College of Pharmacy, Kolhapur College of Pharmacy, Kolhapur 14/04/2023 BHARATI MADHYVARTI SAHAKARI GRAHAK BHANDAR LTD 152.00 3 PCK-9960 20/01/2026 02/06/2025 14/04/2023 Book